[Event "ICS rated blitz match"]
[Site "204.178.125.65"]
[Date "1999.09.08"]
[Round "?"]
[White "Hossa"]
[Black "MissSilicon"]
[Result "1/2-1/2"]
[WhiteElo "2490"]
[BlackElo "2599"]
[Annotator "Hiarcs 7.32 (22s)"]
[PlyCount "222"]
[EventDate "1999.??.??"]

1. e4 1... e5 {Opening = C30 - 2.f4 ---} 2. f4 Nf6 3. fxe5 Nxe4 4. Nf3 d5 5. d3
Nc5 6. Be2 $146 (6. d4 Ne4 (6... Ne6 7. Bd3 Be7 8. O-O O-O 9. Nc3 b6 10. Ne2 c5
11. c3 Nc6 12. Be3 f6 13. Qc2 g6 14. Bh6 Rf7 15. Nh4 g5 16. Bxh7+ Rxh7 17. Qg6+
Ng7 18. exf6 Bxf6 19. Rxf6 Rxh6 20. Qxh6 gxh4 21. Rxc6 Bd7 22. Rg6 Qe7 23. Rf1
Re8 24. Nf4 Rf8 25. Nh5 Rxf1+ 26. Kxf1 26... Bb5+ {
0-1 Fischgraebe,R-Neukum,D/Ladenburg HT 1992/GER 04 (26)}) 7. Bd3 Bg4 (7... c5
8. O-O Nc6 9. Nc3 Nxc3 10. bxc3 Be7 11. dxc5 Bg4 12. Qe1 Qc7 13. Bf4 Be6 14.
Kh1 Bxc5 15. Qg3 O-O-O 16. Qxg7 h6 17. Bh7 Rhe8 18. Qxh6 Bf8 19. Qh4 Be7 20.
Qf2 Rh8 21. Bd3 Rdg8 22. Nd4 {
Loebler,H-Casagrande,H/AUT-ch 1995/EXP 49/1/2-1/2 (58)}) 8. O-O c5 9. h3 Bh5
10. Bb5+ Nc6 11. Kh2 cxd4 12. g4 Bg6 13. Nxd4 Rc8 14. c4 Be7 15. Nf5 dxc4 16.
Nxg7+ {1-0 Polgar,S-Selles,C/San Sebastian op 1991/TD 91\08 (16)}) 6... Ne6 7.
O-O Nc6 8. d4 Bb4 9. c3 Be7 10. c4 O-O 11. Nc3 dxc4 12. d5 Nb4 13. Bxc4 Ng5 14.
Nxg5 Bxg5 15. a3 Na6 16. Bxa6 bxa6 17. Bxg5 Qxg5 18. Qd4 Re8 19. Rae1 Bg4 20.
Re3 f5 21. h3 Bh5 22. Qf4 Qxf4 23. Rxf4 Bg6 24. Rb4 Rab8 25. Rc4 Rxb2 26. Rxc7
f4 27. Re1 Rb6 28. a4 Bd3 29. Rxa7 Bg6 30. e6 Rc8 31. Ne2 Be8 32. a5 Rd6 33.
Nxf4 g5 34. Ne2 Rxd5 35. Rxa6 Re5 36. Rd6 Bb5 37. Rc1 Rxc1+ 38. Nxc1 Re1+ 39.
Kh2 Rxc1 40. Rd5 Be8 41. Rxg5+ Kf8 42. g4 Re1 43. a6 Ra1 44. e7+ Kf7 45. Rh5
Rxa6 46. Rxh7+ Kg8 47. Rh4 Ra7 48. g5 Rxe7 49. Rd4 Re3 50. h4 Kh7 51. Rd6 Kg7
52. Kg2 Kf8 53. Rf6+ Ke7 54. Rh6 Re2+ 55. Kg3 Kf7 56. h5 Kg7 57. Kh3 Re1 58.
Kg3 Rg1+ 59. Kf4 Rh1 60. Kg4 Bf7 61. Kf5 Bxh5 62. Rf6 Rf1+ 63. Ke5 Ra1 64. Rd6
Ra4 65. Kf5 Ra5+ 66. Kf4 Bg6 67. Rd7+ Kf8 68. Rb7 Ra4+ 69. Ke5 Bh5 70. Kf5 Bf7
71. Kf6 Rf4+ 72. Ke5 Rf2 73. Rc7 Kg7 74. Rc6 Re2+ 75. Kf5 Rd2 76. Kf4 Rd4+ 77.
Kf5 Rd5+ 78. Kf4 Be8 79. Re6 Bg6 80. Re7+ 80... Kf8 {Es droht Matt} 81. Ra7
Rd4+ 82. Ke5 Rd1 83. Kf6 {Droht Matt} 83... Be4 $11 (83... Rd6+ $5 84. Ke5
84... Rc6 $17) 84. Rf7+ Kg8 85. Rg7+ $17 (85. g6 $5 $15 {
ist die kritische Fortsetzung}) 85... Kh8 {Mit der Mattdrohung Rf1} 86. Rf7
86... Bb1 $11 (86... Rf1+ $5 $142 87. Ke7 87... Rc1 $15) 87. Rf8+ Kh7 88. Rf7+
$17 (88. g6+ $5 $142 {ist vielleicht staerker} 88... Bxg6 89. Rc8 $11) 88...
Kg8 {Droht Matt} 89. Rg7+ Kh8 90. Rf7 90... Bc2 $11 (90... Rf1+ $5 $142 91. Ke7
91... Rc1 $17) 91. Rf8+ Kh7 92. Rf7+ $17 (92. g6+ $5 $142 {muss erwogen werden}
92... Bxg6 93. Rc8 $11) 92... Kg8 93. Rg7+ 93... Kh8 {Droht Matt: Rf1} 94. Rf7
Rd6+ 95. Ke5 Rd2 96. Kf6 Rf2+ 97. Ke7 {Es droht Matt} 97... Re2+ 98. Kf6 98...
Kg8 $11 (98... Bb3 99. Rf8+ Bg8 100. Kg6 $15) 99. Rg7+ 99... Kf8 {
Mit der Mattdrohung Rf2} 100. Rf7+ Ke8 101. Rc7 Rf2+ 102. Kg7 Rh2 103. Kf6
103... Kd8 {Droht Matt} 104. Ra7 Rh3 105. Rf7 Rf3+ 106. Kg7 Rg3 107. Kf6 Rc3
108. Ke5 108... Ke8 {Es droht Matt} 109. Rb7 Rc5+ 110. Ke6 {Droht Matt} 110...
Kf8 111. Rb8+ Kg7 1/2-1/2

[Event "ICS rated blitz match"]
[Site "204.178.125.65"]
[Date "1999.09.18"]
[Round "?"]
[White "Hossa"]
[Black "MissSilicon"]
[Result "0-1"]
[WhiteElo "2489"]
[BlackElo "2689"]
[PlyCount "125"]
[EventDate "1999.??.??"]

1. d4 Nf6 2. c4 e6 3. Nf3 Bb4+ 4. Bd2 Qe7 5. g3 Nc6 6. Bg2 Bxd2+ 7. Nbxd2 d6 8.
O-O O-O 9. e4 e5 10. d5 Nb8 11. Qe2 Bg4 12. Qe3 Nbd7 13. Ng5 Rfe8 14. f3 Bh5
15. Rac1 a5 16. Rfd1 Kh8 17. b3 Nc5 18. a3 b6 19. b4 Nb7 20. Ra1 Kg8 21. Nb3
Qd7 22. Qd3 Qa4 23. Qc3 h6 24. Nh3 Nxe4 25. fxe4 Bxd1 26. Rxd1 Qxa3 27. bxa5
Nxa5 28. Rb1 Nxb3 29. Rxb3 Qc5+ 30. Kh1 Ra2 31. Rb1 Rea8 32. Qd3 R8a3 33. Qf1
Rd2 34. Qf5 Ra8 35. Rf1 f6 36. Rc1 Qd4 37. Rf1 Qxc4 38. Nf2 c6 39. Qe6+ Kh8 40.
Kg1 Qc2 41. g4 Qc5 42. dxc6 Qxc6 43. Qe7 Raa2 44. Qe6 Qc5 45. Qf5 Rac2 46. Qf3
Qc3 47. Qf5 Rc1 48. Rxc1 Qxc1+ 49. Bf1 Rc2 50. Qf3 b5 51. Nd3 Qd2 52. Qg3 b4
53. Kh1 b3 54. g5 fxg5 55. Qh3 g4 56. Qh4 b2 57. Nxb2 Rxb2 58. Qg3 Qd1 59. Kg1
Qd4+ 60. Kh1 Qxe4+ 61. Kg1 Qf3 62. Qh4 Qe3+ 63. Kh1 {Hossa resigns} 0-1

[Event "ICS rated blitz match"]
[Site "204.178.125.65"]
[Date "1999.09.07"]
[Round "?"]
[White "Hossa"]
[Black "MissSilicon"]
[Result "1-0"]
[WhiteElo "2504"]
[BlackElo "2632"]
[PlyCount "135"]
[EventDate "1999.??.??"]

1. e4 e5 2. Bc4 Nf6 3. Nc3 Nxe4 4. Nxe4 d5 5. Bb5+ c6 6. Bd3 dxe4 7. Bxe4 f5 8.
Bf3 Bc5 9. d3 O-O 10. Nh3 f4 11. Bg4 f3 12. Bxc8 Qxc8 13. Rg1 fxg2 14. Qh5 Na6
15. Rxg2 Nb4 16. f3 Qf5 17. Qg4 Qxg4 18. fxg4 h6 19. a3 Nd5 20. g5 Ne3 21. Bxe3
Bxe3 22. Ke2 Bf4 23. Rf1 Rae8 24. gxh6 Bxh6 25. Rgf2 Rd8 26. b4 Rfe8 27. Kf3
Rd4 28. Kg2 e4 29. dxe4 Rdxe4 30. Nf4 b6 31. Nd3 Rc4 32. Nb2 Rg4+ 33. Kh3 Rd4
34. Nd3 Rd7 35. Rf5 Rde7 36. c4 Re3+ 37. R5f3 R3e4 38. c5 Bg5 39. Kg3 b5 40.
Kg2 a5 41. bxa5 Ra8 42. Nb4 Re6 43. a6 Be7 44. Rc3 Rd8 45. Rf2 Rd4 46. a7 Rd8
47. a4 Ra8 48. axb5 cxb5 49. Ra2 Rg6+ 50. Kf3 Rf6+ 51. Ke4 Re6+ 52. Kd5 Rh6 53.
Nd3 Rd8+ 54. Ke4 Rh4+ 55. Kf5 Rf8+ 56. Ke6 Re4+ 57. Kd5 Ra4 58. Rxa4 bxa4 59.
Ra3 Ra8 60. Rxa4 Bf6 61. Kc6 Kh7 62. Kb7 Rd8 63. a8=Q Rxd3 64. Qf8 Rd7+ 65. Kc6
Re7 66. Rf4 Re6+ 67. Kb5 Re1 68. c6 {MissSilicon resigns} 1-0

[Event "ICS rated blitz match"]
[Site "204.178.125.65"]
[Date "1999.09.21"]
[Round "?"]
[White "Hossa"]
[Black "MissSilicon"]
[Result "0-1"]
[WhiteElo "2375"]
[BlackElo "2639"]
[PlyCount "141"]
[EventDate "1999.??.??"]

1. e4 e5 2. Nf3 Nf6 3. d4 exd4 4. e5 Ne4 5. Qxd4 d5 6. exd6 Nxd6 7. Nc3 Nc6 8.
Qf4 g6 9. Ne5 Nxe5 10. Qxe5+ Qe7 11. Bf4 f6 12. Qxe7+ Bxe7 13. Nd5 Kd8 14.
O-O-O Bg4 15. Re1 Re8 16. Bd3 Bd7 17. Rhg1 Rc8 18. Kb1 Bc6 19. Nb4 Bd7 20. a3
c6 21. c4 Ra8 22. c5 Nf5 23. g4 Nd4 24. Bd6 a5 25. Nc2 Nf3 26. Bxe7+ Rxe7 27.
Rxe7 Kxe7 28. Rg3 Nd2+ 29. Kc1 Nb3+ 30. Kb1 Nxc5 31. Be2 Re8 32. Re3+ Kd6 33.
f4 Ne6 34. f5 gxf5 35. gxf5 Nf4 36. Rxe8 Bxe8 37. Bf3 Nd5 38. Ka2 Ne7 39. Ne3
Bf7+ 40. Kb1 Ke5 41. Bd1 Nxf5 42. Ng4+ Ke6 43. Bb3+ Ke7 44. Bc2 Bg6 45. Kc1 Nd4
46. Bd1 f5 47. Ne5 f4 48. Kd2 b5 49. a4 Kd6 50. Nxg6 hxg6 51. h4 bxa4 52. Kd3
Kd5 53. h5 gxh5 54. Bxh5 Ke5 55. Be8 c5 56. Bxa4 c4+ 57. Kxc4 f3 58. Bd7 f2 59.
Bh3 Nf5 60. Kb5 Ne3 61. Kc5 Ke4 62. Kb5 a4 63. Kxa4 Kf3 64. b4 Kg3 65. Bd7 f1=Q
66. Bc8 Qd1+ 67. Kb5 Qd5+ 68. Ka4 Qa2+ 69. Kb5 Qc4+ 70. Ka4 Nd5 71. Ka3 {
Hossa resigns} 0-1

[Event "ICS rated blitz match"]
[Site "204.178.125.65"]
[Date "1999.10.08"]
[Round "?"]
[White "Hossa"]
[Black "MissSilicon"]
[Result "1/2-1/2"]
[WhiteElo "2406"]
[BlackElo "2741"]
[PlyCount "224"]
[EventDate "1999.??.??"]

1. e4 e6 2. d4 d5 3. Nc3 Nf6 4. Bg5 dxe4 5. Nxe4 Nbd7 6. Nf3 Be7 7. Nxf6+ Bxf6
8. Bxf6 Nxf6 9. Be2 c5 10. dxc5 Qa5+ 11. c3 Qxc5 12. O-O O-O 13. Qd4 Qxd4 14.
cxd4 b6 15. Rac1 Bb7 16. Rc7 Be4 17. Ne5 Nd5 18. Rd7 Nf4 19. Bf3 Bxf3 20. Nxf3
Rfc8 21. h4 Rc2 22. Rb1 b5 23. Ne1 Rc4 24. Nf3 a5 25. g3 Ne2+ 26. Kf1 Rc1+ 27.
Rxc1 Nxc1 28. Ne5 f6 29. Nc6 Nxa2 30. Re7 Nb4 31. Nxb4 axb4 32. Rxe6 Ra1+ 33.
Re1 Ra2 34. Rb1 Kf7 35. Ke2 Ke6 36. g4 f5 37. f3 fxg4 38. fxg4 Kd5 39. Kd3 b3
40. Ke3 Ra4 41. Rd1 Ra2 42. Rd2 Ra1 43. Rd3 Rh1 44. h5 Rh3+ 45. Kd2 Rh2+ 46.
Kc3 Rc2+ 47. Kxb3 Rg2 48. Ka3 Rxg4 49. Rb3 Kc6 50. Rc3+ Kd6 51. Rc5 Rxd4 52.
Rxb5 Ke6 53. Kb3 Rf4 54. Rb7 Rf7 55. Rxf7 Kxf7 56. Kc4 g6 57. hxg6+ Kxg6 58. b4
h5 59. b5 h4 60. b6 h3 61. b7 h2 62. b8=Q h1=Q 63. Qf8 Qe4+ 64. Kb3 Qd5+ 65.
Kc2 Qc4+ 66. Kd1 Qd3+ 67. Ke1 Qe3+ 68. Kd1 Qe4 69. Kc1 Qd4 70. Kb1 Qd2 71. Ka1
Qc3+ 72. Kb1 Kg5 73. Qf7 Qc5 74. Kb2 Qe3 75. Kc2 Qd4 76. Kb3 Qd1+ 77. Kc4 Qc2+
78. Kd4 Qb2+ 79. Ke4 Qe2+ 80. Kd4 Qd2+ 81. Kc5 Qa5+ 82. Kd4 Qa1+ 83. Ke4 Qb1+
84. Ke5 Qb8+ 85. Ke4 Qb4+ 86. Ke5 Qe1+ 87. Kd5 Qh1+ 88. Kc4 Qe4+ 89. Kb3 Qd3+
90. Ka4 Qd6 91. Qg7+ Kf4 92. Qg2 Qd7+ 93. Kb3 Qd3+ 94. Ka4 Qc4+ 95. Ka5 Qc5+
96. Ka4 Qd4+ 97. Ka5 Qe5+ 98. Kb6 Qe3+ 99. Kc7 Qe7+ 100. Kb6 Qb4+ 101. Kc7 Qa5+
102. Kd6 Qe5+ 103. Kc6 Qe8+ 104. Kc5 Qe3+ 105. Kd6 Qa3+ 106. Ke6 Qa6+ 107. Kf7
Qc4+ 108. Kf6 Qc3+ 109. Ke7 Qc7+ 110. Kf6 Qd6+ 111. Kg7 Qe7+ 112. Kh6 112...
Qf6+ {Game drawn by the 50 move rule} 1/2-1/2

[Event "ICS rated blitz match"]
[Site "204.178.125.65"]
[Date "1999.10.19"]
[Round "?"]
[White "Hossa"]
[Black "MissSilicon"]
[Result "0-1"]
[WhiteElo "2474"]
[BlackElo "2711"]
[PlyCount "107"]
[EventDate "1999.??.??"]

1. e4 e5 2. Nf3 Nc6 3. Bb5 a6 4. Bxc6 dxc6 5. O-O f6 6. d4 Bg4 7. dxe5 Qxd1 8.
Rxd1 fxe5 9. Nc3 Bd6 10. Bg5 Nf6 11. Bxf6 gxf6 12. Rd3 O-O 13. Rad1 f5 14. h3
fxe4 15. Nxe4 Bxf3 16. gxf3 Be7 17. Rd7 Rad8 18. Rxd8 Bxd8 19. Nc5 Be7 20. Ne6
Rf6 21. Nxc7 Rxf3 22. Kg2 Rf4 23. Rd2 Kf7 24. Rd7 Ra4 25. Na8 Rb4 26. b3 Ke6
27. Rd2 Rd4 28. Rxd4 exd4 29. Kf3 Kf5 30. Nb6 h6 31. Nc4 b5 32. Na5 c5 33. Nc6
Bf8 34. Nb8 a5 35. Nc6 a4 36. b4 Bd6 37. h4 Bf8 38. h5 Bd6 39. bxc5 Bxc5 40.
Nd8 b4 41. Nf7 d3 42. Nxh6+ Ke6 43. cxd3 b3 44. axb3 axb3 45. d4 Ba7 46. Ke4 b2
47. d5+ Kd7 48. Kf4 b1=Q 49. Ng4 Qa2 50. h6 Bb8+ 51. Kg5 Qxd5+ 52. Kg6 Ke6 53.
Ne3 Qe4+ 54. Kh5 {Hossa resigns} 0-1

[Event "ICS rated blitz match"]
[Site "204.178.125.65"]
[Date "1999.09.16"]
[Round "?"]
[White "Hossa"]
[Black "Moniyankwe"]
[Result "1-0"]
[WhiteElo "2406"]
[BlackElo "2073"]
[PlyCount "57"]
[EventDate "1999.??.??"]

1. e4 c5 2. d4 g6 3. dxc5 Bg7 4. Bd3 Na6 5. Bxa6 Qa5+ 6. Nd2 Qxa6 7. Ne2 Nf6 8.
O-O O-O 9. f3 b6 10. Nb3 Bb7 11. Be3 Rac8 12. Qd3 Qa4 13. cxb6 axb6 14. Bxb6
Ba6 15. Qe3 Rxc2 16. Nc3 Qc6 17. Rf2 Rxf2 18. Qxf2 d6 19. Be3 Rb8 20. Qd2 Nd7
21. Rc1 Nb6 22. Nd5 Qb5 23. Nxe7+ Kh8 24. Qxd6 Nc4 25. Rxc4 Qe8 26. Qxa6 Qxe7
27. Rc8+ Rxc8 28. Qxc8+ Bf8 29. Bc5 {Moniyankwe resigns} 1-0

[Event "ICS rated blitz match"]
[Site "204.178.125.65"]
[Date "1999.09.21"]
[Round "?"]
[White "Hossa"]
[Black "Morr"]
[Result "0-1"]
[WhiteElo "2401"]
[BlackElo "2115"]
[PlyCount "96"]
[EventDate "1999.??.??"]

1. e4 g6 2. d4 Bg7 3. Nc3 c5 4. d5 d6 5. Bc4 a6 6. a3 b5 7. Bd3 Nf6 8. Nf3 O-O
9. O-O Bg4 10. Be3 Nbd7 11. h3 Bxf3 12. Qxf3 Ne5 13. Qg3 e6 14. Bg5 h6 15. Bxf6
Qxf6 16. Be2 Rad8 17. Rad1 Rfe8 18. f4 Nd7 19. dxe6 Qxe6 20. f5 Qe5 21. Qf3 Nf6
22. fxg6 fxg6 23. b3 d5 24. exd5 b4 25. Bxa6 bxc3 26. Bb5 Rf8 27. Rfe1 Qg5 28.
Qxc3 Nxd5 29. Qxc5 Bc3 30. Rf1 Rxf1+ 31. Bxf1 Bd2 32. Qc4 Be3+ 33. Kh1 Bf4 34.
Qd3 Bc7 35. Re1 Bf4 36. Re6 Kf7 37. Ra6 Ne3 38. Qe4 Nxf1 39. Qc4+ Kg7 40. Ra7+
Kh8 41. Qxf1 Qg3 42. Qg1 Rd1 43. Ra8+ Kg7 44. Ra7+ Kf6 45. Ra6+ Kg5 46. Ra5+
Kh4 47. Rh5+ gxh5 48. Qxd1 48... Qh2# {Hossa checkmated} 0-1

[Event "ICS rated blitz match"]
[Site "204.178.125.65"]
[Date "1999.09.12"]
[Round "?"]
[White "Hossa"]
[Black "Motoman"]
[Result "1-0"]
[WhiteElo "2448"]
[BlackElo "2013"]
[PlyCount "50"]
[EventDate "1999.??.??"]

1. e4 c5 2. Nf3 Nc6 3. d4 cxd4 4. Nxd4 Nf6 5. Nc3 e5 6. Ndb5 d6 7. a4 h6 8. Be2
a6 9. Na3 Be6 10. O-O d5 11. exd5 Nxd5 12. Nxd5 Bxd5 13. Nc4 Bc5 14. Be3 Bxe3
15. fxe3 O-O 16. c3 Be6 17. Qe1 Qc7 18. Rd1 Rad8 19. Qh4 f6 20. Bd3 Na5 21.
Nxa5 Qxa5 22. Qe4 f5 23. Qxb7 Qxa4 24. Qxa6 Qxa6 25. Bxa6 25... Bb3 {
Motoman resigns} 1-0

[Event "ICS rated blitz match"]
[Site "204.178.125.65"]
[Date "1999.09.01"]
[Round "?"]
[White "Hossa"]
[Black "Motoman"]
[Result "1-0"]
[WhiteElo "2486"]
[BlackElo "2072"]
[PlyCount "55"]
[EventDate "1999.??.??"]

1. d4 f5 2. e4 fxe4 3. Nc3 Nf6 4. Bg5 b6 5. d5 Bb7 6. Bc4 g6 7. Bxf6 exf6 8.
Nxe4 d6 9. Ne2 Bg7 10. Nd4 O-O 11. Ne6 Qe7 12. O-O Re8 13. Bb5 Rc8 14. Nc3 Nd7
15. Re1 Qf7 16. Nxg7 Kxg7 17. Bxd7 Qxd7 18. Ne4 Qf7 19. c4 Re8 20. Qd4 a5 21.
Ng5 Qd7 22. Ne6+ Kf7 23. Qh4 Rh8 24. Qh6 Rag8 25. b3 Bc8 26. Re3 f5 27. Rae1 a4
28. Ng5+ {Motoman resigns} 1-0

[Event "ICS rated blitz match"]
[Site "204.178.125.65"]
[Date "1999.10.13"]
[Round "?"]
[White "Hossa"]
[Black "MrZ"]
[Result "1-0"]
[WhiteElo "2404"]
[BlackElo "2404"]
[PlyCount "121"]
[EventDate "1999.??.??"]

1. e4 e5 2. Nf3 Nc6 3. Bc4 Nf6 4. O-O Nxe4 5. Bd5 Nf6 6. Bxc6 dxc6 7. Nxe5 Be6
8. Re1 Bc5 9. c3 O-O 10. d4 Bd6 11. Bg5 c5 12. d5 Bxe5 13. Rxe5 Qd6 14. Bxf6
gxf6 15. Rh5 Rfe8 16. Na3 Bd7 17. Qd3 f5 18. Qh3 Qe5 19. Nc2 Qg7 20. Ne3 Re4
21. Rf1 Rae8 22. b3 f4 23. Qxd7 fxe3 24. fxe3 R4e7 25. Qb5 Qxc3 26. Rg5+ Kf8
27. Rg3 Rb8 28. Qa4 Ra8 29. Qf4 Qh8 30. Qh6+ Ke8 31. Rg7 f6 32. Rg6 Qf8 33.
Qxf8+ Kxf8 34. Rfxf6+ Rf7 35. Rh6 Rxf6 36. Rxf6+ Ke7 37. Rh6 Re8 38. Rxh7+ Kd8
39. Kf2 Re5 40. d6 cxd6 41. Rxb7 Re7 42. Rxe7 Kxe7 43. e4 Ke6 44. h4 Ke5 45. h5
Kxe4 46. h6 Kf5 47. h7 d5 48. h8=Q Ke6 49. Qc8+ Kd6 50. Qb8+ Ke7 51. Qe5+ Kf7
52. Qxd5+ Kg6 53. Qd6+ Kf5 54. Qxc5+ Kf6 55. Qd6+ Kf7 56. Kg3 Ke8 57. Kh4 Kf7
58. Kg5 Kg7 59. Qe7+ Kg8 60. Kf6 Kh8 61. Qg7# {MrZ checkmated} 1-0

[Event "ICS rated blitz match"]
[Site "204.178.125.65"]
[Date "1999.10.18"]
[Round "?"]
[White "Hossa"]
[Black "MrZ"]
[Result "1/2-1/2"]
[WhiteElo "2495"]
[BlackElo "2485"]
[PlyCount "155"]
[EventDate "1999.??.??"]

1. e4 d5 2. e5 c6 3. d4 Bf5 4. Bd3 Bxd3 5. cxd3 e6 6. Nc3 Nd7 7. Nf3 Qb6 8. O-O
O-O-O 9. Na4 Qc7 10. Ng5 Nh6 11. Bf4 Re8 12. Qh5 g6 13. Qh3 Nb6 14. Nc3 Nf5 15.
Ne2 h6 16. Nf3 Bg7 17. Rac1 Nd7 18. Rc2 Qa5 19. Nc3 Qa6 20. Rd1 f6 21. Qg4 g5
22. Nxd5 exd5 23. e6 Nf8 24. Qxf5 gxf4 25. Re1 Qxa2 26. e7+ Nd7 27. Qxf4 Qa4
28. Rce2 Rhg8 29. Qd6 Qa5 30. Rc2 Qb5 31. Qa3 Qb6 32. Nh4 Qxd4 33. Nf5 Qf4 34.
Nd6+ Kb8 35. Nxe8 Rxe8 36. Ra1 a6 37. Re1 f5 38. Rce2 Bd4 39. Qa5 Qg5 40. Kh1
f4 41. Qa4 Be5 42. d4 Bd6 43. Qa5 f3 44. gxf3 Qh4 45. f4 Qxf4 46. f3 Rxe7 47.
Qc3 Nb6 48. b4 Nc4 49. Rg2 Rxe1+ 50. Qxe1 Qxf3 51. Kg1 Bf4 52. Qe2 Be3+ 53. Kh1
Qxe2 54. Rxe2 Bxd4 55. Rg2 Bc3 56. Rg6 Bd2 57. h4 Ka7 58. Re6 Kb6 59. h5 Kb5
60. Rg6 Kxb4 61. Rg4 a5 62. Rg1 a4 63. Rb1+ Ka3 64. Rxb7 d4 65. Rc7 Na5 66. Kg2
d3 67. Rd7 Bb4 68. Rxd3+ Kb2 69. Rd4 a3 70. Rxb4+ Kc3 71. Ra4 Kb3 72. Rxa5 a2
73. Ra6 Kb2 74. Rb6+ Ka3 75. Ra6+ Kb2 76. Rb6+ Ka3 77. Ra6+ Kb2 78. Rb6+ {
Game drawn by repetition} 1/2-1/2

[Event "ICS rated blitz match"]
[Site "204.178.125.65"]
[Date "1999.08.28"]
[Round "?"]
[White "Hossa"]
[Black "NETAO"]
[Result "1-0"]
[WhiteElo "2515"]
[BlackElo "2182"]
[PlyCount "55"]
[EventDate "1999.??.??"]

1. e4 e5 2. Nf3 Nc6 3. Bc4 Nf6 4. O-O Nxe4 5. Bd5 Nf6 6. Bxc6 dxc6 7. Nxe5 Bd6
8. d4 O-O 9. Bg5 h6 10. Bxf6 Qxf6 11. Nc4 Be6 12. Nba3 Qh4 13. Nxd6 cxd6 14.
Re1 b5 15. c3 Rfe8 16. Nc2 Bg4 17. f3 Bf5 18. Ne3 Bg6 19. a4 a6 20. d5 c5 21.
axb5 axb5 22. Nf1 Kh7 23. Ng3 Qd8 24. Rxa8 Qxa8 25. Rxe8 Qxe8 26. Qd2 Qe5 27.
f4 Qe7 28. f5 {NETAO resigns} 1-0

[Event "ICS rated blitz match"]
[Site "204.178.125.65"]
[Date "1999.09.22"]
[Round "?"]
[White "Hossa"]
[Black "NicoSalom"]
[Result "1-0"]
[WhiteElo "2132"]
[BlackElo "1790"]
[PlyCount "45"]
[EventDate "1999.??.??"]

1. Nf3 d5 2. g3 c5 3. Bg2 Nc6 4. O-O Bf5 5. d3 Nf6 6. Ng5 e6 7. e4 dxe4 8. dxe4
Bg4 9. f3 Bh5 10. Nc3 Qd4+ 11. Kh1 Be7 12. Qe2 O-O 13. Rd1 Qb4 14. e5 Nd4 15.
Rxd4 cxd4 16. exf6 Bxf6 17. Nce4 Rac8 18. Nxf6+ gxf6 19. c3 dxc3 20. Ne4 c2 21.
Nxf6+ Kh8 22. Nxh5 Rfd8 23. Qe5+ {NicoSalom resigns} 1-0

[Event "ICS rated blitz match"]
[Site "204.178.125.65"]
[Date "1999.08.31"]
[Round "?"]
[White "Hossa"]
[Black "Nicy"]
[Result "1-0"]
[WhiteElo "2550"]
[BlackElo "2214"]
[PlyCount "29"]
[EventDate "1999.??.??"]

1. c4 e6 2. d4 d5 3. Nc3 f5 4. Bf4 Nf6 5. e3 c6 6. cxd5 exd5 7. Bd3 Bd6 8. Bxd6
Qxd6 9. Nge2 O-O 10. a3 Be6 11. Nf4 Nbd7 12. O-O Ne4 13. Bxe4 fxe4 14. Qb3 Nb6
15. Nxe4 {Nicy resigns} 1-0

[Event "ICS rated blitz match"]
[Site "204.178.125.65"]
[Date "1999.09.02"]
[Round "?"]
[White "Hossa"]
[Black "Nicy"]
[Result "1/2-1/2"]
[WhiteElo "2512"]
[BlackElo "2198"]
[PlyCount "119"]
[EventDate "1999.??.??"]

1. e4 c5 2. Nf3 Nc6 3. d4 cxd4 4. Nxd4 g6 5. Nxc6 bxc6 6. Bd3 Bg7 7. O-O d6 8.
Nc3 Nf6 9. Rb1 O-O 10. Bg5 Qc7 11. Qd2 Re8 12. a4 Bd7 13. f3 Rab8 14. Bh6 Bh8
15. Qg5 Rb6 16. b3 Rbb8 17. Rbd1 Qb6+ 18. Rf2 Qc7 19. Rdd2 Qb6 20. Ne2 Bc8 21.
Bc4 Ba6 22. a5 Qb7 23. Bd3 Bxd3 24. Rxd3 Qb5 25. Qd2 Nd7 26. Nd4 Qa6 27. Rf1
Ne5 28. Re3 Nd7 29. Ree1 Nc5 30. Ne2 Qc8 31. Rd1 Nd7 32. Rfe1 Qb7 33. Nd4 Rec8
34. Qg5 Re8 35. Re3 Nc5 36. Nf5 Ne6 37. Qg4 Qd7 38. Qg3 Nc5 39. Kh1 Qb7 40.
Rde1 Qb4 41. Rf1 Qxa5 42. Rd1 Qc7 43. Re2 a5 44. Red2 a4 45. bxa4 Nxa4 46. Qg5
Nc5 47. c4 Ne6 48. Qg4 Rb4 49. Rc2 Ra8 50. Kg1 Ra1 51. Rxa1 Bxa1 52. Ra2 Rb1+
53. Kf2 Rb2+ 54. Rxb2 Bxb2 55. Be3 Bf6 56. Nh6+ Kg7 57. Nf5+ Kg8 58. Nh6+ Kg7
59. Nf5+ Kg8 60. Nh6+ {Game drawn by repetition} 1/2-1/2

[Event "ICS rated blitz match"]
[Site "204.178.125.65"]
[Date "1999.08.30"]
[Round "?"]
[White "Hossa"]
[Black "Nicy"]
[Result "1/2-1/2"]
[WhiteElo "2497"]
[BlackElo "2177"]
[PlyCount "165"]
[EventDate "1999.??.??"]

1. e4 c5 2. Nc3 Nc6 3. f4 g6 4. Nge2 Bg7 5. h4 h5 6. d3 e6 7. g3 Nge7 8. Bg2
O-O 9. Be3 b6 10. e5 Bb7 11. Nb5 d5 12. exd6 Nf5 13. Bc1 Nxd6 14. Nxd6 Qxd6 15.
O-O Rad8 16. f5 exf5 17. Bf4 Qd7 18. Nc3 Nd4 19. Qd2 Bxg2 20. Qxg2 Rfe8 21.
Rae1 Rxe1 22. Rxe1 Re8 23. Rxe8+ Qxe8 24. Kf1 Qe7 25. Qa8+ Kh7 26. Qg2 Ne6 27.
Bd2 Nd8 28. Nd5 Qe5 29. Bc3 Qe6 30. Bxg7 Kxg7 31. b4 cxb4 32. Nxb4 Qd6 33. c3
Ne6 34. Ke2 Nc5 35. Qf3 a5 36. Nd5 Qe5+ 37. Kf2 b5 38. Kg2 Na4 39. c4 bxc4 40.
dxc4 Qb2+ 41. Qf2 Qxf2+ 42. Kxf2 Nc5 43. Ke3 Ne6 44. Nf4 Nxf4 45. gxf4 Kf6 46.
c5 Ke6 47. Kd4 f6 48. Kc4 g5 49. fxg5 fxg5 50. hxg5 h4 51. g6 h3 52. g7 Kf7 53.
c6 h2 54. c7 Kxg7 55. c8=Q h1=Q 56. Qxf5 Qc6+ 57. Kb3 Qb6+ 58. Kc3 Qc6+ 59. Kd3
Qd6+ 60. Kc2 Qa3 61. Qe6 Kf8 62. Kd2 Kg7 63. Qd5 Qb2+ 64. Ke3 Qb6+ 65. Kd3 Kf8
66. Qf5+ Ke7 67. Qg5+ Kd7 68. Qg7+ Kc6 69. Qg6+ Kb5 70. Qe8+ Ka6 71. Qc8+ Qb7
72. Qg8 Qb5+ 73. Ke4 Qb4+ 74. Ke5 Qb5+ 75. Kf6 Qb6+ 76. Qe6 Qxe6+ 77. Kxe6 Kb5
78. Kd5 Kb4 79. Ke5 Ka3 80. Kd5 Kxa2 81. Kc4 a4 82. Kc3 a3 83. Kc2 {
Nicy ran out of time and Hossa has no material to mate} 1/2-1/2

[Event "ICS rated blitz match"]
[Site "204.178.125.65"]
[Date "1999.09.01"]
[Round "?"]
[White "Hossa"]
[Black "Nicy"]
[Result "1-0"]
[WhiteElo "2518"]
[BlackElo "2209"]
[PlyCount "47"]
[EventDate "1999.??.??"]

1. d4 d5 2. c4 e6 3. Nc3 f5 4. Bf4 Nf6 5. e3 Be7 6. Bd3 c6 7. Be5 Nbd7 8. Nf3
Nxe5 9. Nxe5 O-O 10. O-O Bd7 11. Qb3 Rb8 12. cxd5 exd5 13. Qc2 g6 14. Rac1 Be6
15. Qa4 a6 16. Ne2 Ne4 17. Nf4 Bd7 18. Nxd5 Bd6 19. Nf4 Bxe5 20. dxe5 Ng5 21.
Rfd1 Qe7 22. Qb3+ Kh8 23. Qc3 Rfe8 24. e6+ {Nicy resigns} 1-0

[Event "ICS rated blitz match"]
[Site "204.178.125.65"]
[Date "1999.08.30"]
[Round "?"]
[White "Hossa"]
[Black "Nicy"]
[Result "0-1"]
[WhiteElo "2489"]
[BlackElo "2228"]
[PlyCount "124"]
[EventDate "1999.??.??"]

1. e4 c5 2. Nc3 Nc6 3. f4 g6 4. Nge2 Bg7 5. h4 h5 6. d3 e6 7. g3 Nge7 8. Bg2
O-O 9. Be3 b6 10. e5 Bb7 11. Nb5 Nf5 12. Bc1 d6 13. exd6 Nxd6 14. Nxd6 Qxd6 15.
O-O Rad8 16. f5 exf5 17. Bf4 Qd7 18. Nc3 Rfe8 19. Bg5 Rc8 20. Qd2 Nd4 21. Bxb7
Qxb7 22. Qf2 Re6 23. Rad1 Rce8 24. Rd2 Bf6 25. Bxf6 Rxf6 26. Ne2 Nxe2+ 27. Rxe2
Rfe6 28. Rxe6 Rxe6 29. d4 cxd4 30. Qxd4 Qe4 31. c3 Qxd4+ 32. cxd4 Re2 33. Rf2
Re3 34. Kg2 Rd3 35. Rf4 Rd2+ 36. Kf1 Rxb2 37. Rf2 Rxf2+ 38. Kxf2 Kf8 39. Ke2
Ke7 40. Ke3 Ke6 41. Kd3 Kd5 42. a3 f6 43. a4 g5 44. Ke3 Kc4 45. d5 Kxd5 46. Kd3
a6 47. Kd2 Kd4 48. hxg5 fxg5 49. Ke2 b5 50. axb5 axb5 51. Kf3 h4 52. Ke2 hxg3
53. Kf3 b4 54. Kxg3 b3 55. Kf3 b2 56. Kg3 b1=Q 57. Kh3 Qe4 58. Kg3 Qf4+ 59. Kh3
Qg4+ 60. Kh2 Ke3 61. Kh1 Kf2 62. Kh2 62... Qh4# {Hossa checkmated} 0-1